00495nam a22001457a 4500020001800000082001800018100001900036245008500055260006300140300000800203650001900211942000700230952009500237999001700332 a9780099493440 a320.0954 HER1 aHerman, Arthur aGandhi & Churchill: The Epic Rivalry that Destroyed an Empire and Forged our Age aLondonbArrow Books (The Random House Group Limited)c2008 a721 aIndia-Politics cBK 00104070aHMIbHMIcGENd2018-07-13l0o320.0954 HER1p24825r2018-07-13w2018-07-13yBK c21190d21190